Избранное: пер. с нем.

Մատենագիտական մանրամասներ
Հիմնական հեղինակ: Бёлль Г. Генрих
Այլ հեղինակներ: Бунин Н. Н. (составитель), Мотылева Т. Л. (автор послесловия)
Լեզու:ռուսերեն
Հրապարակվել է: Москва, Правда, 1987
Խորագրեր:
Ձևաչափ: MixedMaterials Գիրք
KOHA link:https://koha.lib.tpu.ru/cgi-bin/koha/opac-detail.pl?biblionumber=157766

MARC

LEADER 00000nam0a2200000 4500
001 157766
005 20231101222004.0
020 |a RU  |b 87-40543 
035 |a (RuTPU)RU\TPU\book\171124 
090 |a 157766 
100 |a 20090413d1987 m y0rusy5003 ca 
101 1 |a rus  |c ger 
102 |a RU 
105 |a a z 000ay 
200 1 |a Избранное  |e пер. с нем.  |f Г. Бёлль  |g сост. Н. Н. Бунин ; авт. послесл. Т. Л. Мотылева 
210 |a Москва  |c Правда  |d 1987 
215 |a 576 с.  |c ил.  |d 21 см 
610 1 |a немецкая литература 
610 1 |a романы 
610 1 |a рассказы 
675 |a 83  |z rus 
700 1 |a Бёлль  |b Г.  |c немецкий писатель  |c Нобелевский лауреат  |f 1917-1985  |g Генрих  |2 stltpush  |3 (RuTPU)RU\TPU\pers\21217  |9 8865 
702 1 |a Бунин  |b Н. Н.  |4 220 
702 1 |a Мотылева  |b Т. Л.  |4 075 
801 0 |a RU  |b RuMRKP  |c 19950417  |g psbo 
801 1 |a RU  |b 63413507  |c 20090413  |g PSBO 
801 2 |a RU  |b 63413507  |c 20090413  |g PSBO 
942 |c BK